1836 1500 1545 1955 1885 1132 1172 1554 1654 1576 1483 1185 1558 1544 1787 1751 1177 1910 1755 1296 1710 1010 1864 1526 1514 1179 1822 1359 1267 1577 1534 1677 1579 1434 1450 1973 1159 1041 1547 1541 1669 1058 1085 1871 1320 1407 1776 1565 1669 1688 1730 1278 1644 1912 1888 1252 1172 1047 1728 1611 1366 1902 1100 1496 1466 1889 1845 1084 1488 1680 1448 1932 1242 1879 1898 1017 1507 1406 1387 1378 1086 1048 1434 1420 1129 1296 1030 1198 1208 1243 1566 1370 1180 1681 1678 1420 1325 1696 1603 BCNSPRNW ULIB Ver.6.0+V

เปลี่ยนเป็นภาษาไทย

Change to English
 แสดงรายละเอียดบรรณานุกรม
  กลับหน้าหลัก

Brief Record : Get Marc (ISO 2709) : E-mail record : QR code < ปิดหน้าต่าง
LEADER : 00000nam 2200000uu 4500
001    13399128934
003     ULIB
008    241030s2021||||th 000 0 tha d
020    ^a9781108933865 (pbk.)
050  4 ^aPE1128^bI22
245 00 ^aIELTS 16 general training :^bwith answers, authenticpractice tests /^c[Cambridge University Press]
260    ^aCambridge :^bCambridge University Press,^c2021
300    ^a142 p. :^bill. ;^c25 cm.
650  0 ^aInternational English Language Testing System^vStudyguides
650  0 ^aEnglish language^vTextbooks for foreign speakers
650  0 ^aEnglish language^xStudy and teaching
650  0 ^aEnglish language^xExaminations^vStudy guides
650  0 ^aEnglish language^vProblems, exercises, etc.
653    ^aIELTS
945    ^p989^l0^i011188
999    ^aประนอม เกษจรัล
รายการนี้ยังไม่มีแท็ก
คุณยังไม่ได้ล็อกอิน คุณสามารถมีกิจกรรมร่วมกับเว็บไซต์ได้ แต่ต้องล็อกอินก่อน ::
  ล็อกอิน

รายการสื่อสารสนเทศ

ลำดับที่ ประเภท เลขเรียก/บาร์โค้ด สถานที่ สถานะ
1. การศึกษาทั่วไป
หนังสือสำรอง
สถานะ=หนังสือสำรอง
PE1128 I22 ฉ.1 
  Barcode: 011188
ห้องสมุดวิทยาเขตสวรรค์ประชารักษ์
►หนังสือทั่วไป
บนชั้น

BibComment


ยังไม่เคยถูกคอมเมนท์

คอมเมนท์ทรัพยากรรายการนี้
  คอมเมนท์: IELTS 16 general..


 Copyright 2026. Bcnsprnw @Library